Látássérültek tájékozódásának támogatása szenzortársításon alapuló eszközzel

Elmentve itt :
Bibliográfiai részletek
Szerző: Csókás Eszter Julianna
További közreműködők: Pletl Szilveszter (Témavezető)
Dokumentumtípus: Szakdolgozat
Megjelent: 2017
Tárgyszavak:
Online Access:http://diploma.bibl.u-szeged.hu/72055
LEADER 00759nta a2200169 i 4500
001 dipl72055
005 20180608071214.0
008 180608s2017 hu om 0|| zxx d
040 |a SZTE Diploma Repozitórium  |b hun 
041 |a zxx 
100 1 |a Csókás Eszter Julianna 
245 1 0 |a Látássérültek tájékozódásának támogatása szenzortársításon alapuló eszközzel  |h [elektronikus dokumentum] /  |c Eszter Julianna Csókás 
246 1 0 |a Supporting orientation of people with impaired vision by fusion of sensors  |h [elektronikus dokumentum] 
260 |c 2017 
650 4 |a Természettudományok 
700 1 |a Pletl Szilveszter  |e ths 
856 4 0 |u http://diploma.bibl.u-szeged.hu/id/eprint/72055/1/2017_Cs%C3%B3k%C3%A1s_Eszter_Julianna_LHXJ8K_SZ.pdf  |z Dokumentum-elérés